| 000 | 00456nam a2200157Ia 4500 | ||
|---|---|---|---|
| 005 | 20250122035514.0 | ||
| 008 | 240331s9999 xx 000 0 und d | ||
| 020 | _a8178210312 | ||
| 082 |
_bRAI _a920 |
||
| 245 | 0 |
_aRainbows on a crying planet : _besays in honour of Tissa Balasuriya |
|
| 260 |
_aTiruvalla _bChristava sahitya samithy _c2004 |
||
| 300 | _a259 p ., | ||
| 500 | _aEssays in Honour of Tissa Balasuriya | ||
| 700 |
_aTroch.L. _eedt |
||
| 942 | _cL | ||
| 999 |
_c3428 _d3428 |
||